| 000 | 01487nam a22003977a 4500 | ||
|---|---|---|---|
| 003 | CHAP | ||
| 005 | 20220329133618.0 | ||
| 008 | 971013s1992 r 00010 d | ||
| 010 | _a8563 | ||
| 011 | _a9535 | ||
| 035 | _a8770 | ||
| 040 | _cCHAP | ||
| 090 | _aTesis | ||
| 100 | 0 | 0 |
_aVázquez García, Enrique. _9120357 |
| 245 |
_aApoyos institucionales y nivel de tecnificación en la producción de granos y oleaginosas en el sur de Tamaulipas caso _b: Ejido Celaya, municipio de Mante Tamaulipas |
||
| 260 |
_aMontecillo, Méx. : _bEl autor, _c1992 |
||
| 300 |
_a180 h. _b; gráfs |
||
| 502 | _aTesis (M.C. Esp. en Desarrollo Rural) -- C.P. Centro de Estudios del Desarrollo Rural | ||
| 590 |
_aALEPH _b10 _c20130110 _lUCH01 _h1224 |
||
| 590 |
_aBATCH-UPD _b10 _c20130109 _lUCH01 _h2330 |
||
| 590 |
_aBATCH-UPD _b10 _c20130110 _lUCH01 _h0146 |
||
| 590 |
_aBATCH-UPD _b10 _c20130110 _lUCH01 _h1930 |
||
| 590 |
_aBATCH-UPD _b10 _c20130409 _lUCH01 _h1856 |
||
| 590 |
_aBATCH-UPD _b10 _c20130410 _lUCH01 _h1255 |
||
| 590 |
_aBATCH-UPD _b10 _c20130913 _lUCH01 _h2121 |
||
| 590 |
_aCONVERSION _b10 _c20130109 _lUCH01 _h1306 |
||
| 650 | 1 | 4 |
_aAgricultura _xTamaulipas. _91833 |
| 650 | 1 | 4 |
_aAgricultura _xTamaulipas. _91833 |
| 650 | 1 | 4 |
_aAyuda técnica. _99035 |
| 650 | 1 | 4 |
_aCereales _xTamaulipas. _921469 |
| 650 | 1 | 4 |
_aPlantas oleaginosas. _989032 |
| 901 | _aBK | ||
| 942 | _cFOLL | ||
| 949 |
_bBC _cTES _d-19106 _eTS1 _h25752 _i8770 _mD _si |
||
| 949 |
_bBC _cTES _d33724000694865 _eTS2 _fc.2 _h25753 _i8770 _mD _si |
||
| 999 |
_c8563 _d8563 |
||